Hearts of oak (Record no. 79896)

MARC details
000 -LEADER
fixed length control field 00797cab a22001935a 4500
001 - CONTROL NUMBER
control field L142655
008 - FIXED-LENGTH DATA ELEMENTS--GENERAL INFORMATION
fixed length control field 080227s2008 xxk f 000 0 eng d
035 ## - SYSTEM CONTROL NUMBER
System control number (Sirsi) u142655
041 0# - LANGUAGE CODE
Language code of text/sound track or separate title eng
100 1# - MAIN ENTRY--PERSONAL NAME
Personal name Walker, Brien
245 00 - TITLE STATEMENT
Title Hearts of oak
260 ## - PUBLICATION, DISTRIBUTION, ETC.
Date of publication, distribution, etc. 2008
490 #0 - SERIES STATEMENT
Series statement Estate Agent
Volume/sequential designation February 2008, 36-41(6)
520 ## - SUMMARY, ETC.
Summary, etc. Provides a historic look at how oak has been used as a building material over the centuries. Covers: different types of oak, shipping times, felling, new technology, cottages and period housing, skilled craftsmanship, different methods of roof construction (including cruck), and the Wealden design of timbered houses.
590 ## - LOCAL NOTE (RLIN)
Local note KA
651 #4 - SUBJECT ADDED ENTRY--GEOGRAPHIC NAME
Geographic name United Kingdom
Chronological subdivision
690 ## - LOCAL SUBJECT ADDED ENTRY--TOPICAL TERM (OCLC, RLIN)
Topical term or geographic name as entry element BUILT ENVIRONMENT-BUILDING MATERIALS-TIMBER-TIMBER AND WOOD
942 ## - ADDED ENTRY ELEMENTS (KOHA)
Suppress in OPAC 0
Holdings
Withdrawn status Lost status Source of classification or shelving scheme Damaged status Not for loan Home library Current library Shelving location Date acquired Total Checkouts Full call number Barcode Date last seen Copy number Price effective from Koha item type
    Dewey Decimal Classification     London London Journal article 27/02/2008   L142655 142655-1001 06/08/2019 1 06/08/2019 Journal article